The complete digital animation course : the principles, practice and techniques of successful digital animation
| Main Author: | |
|---|---|
| Format: | Book |
| Published: |
London :
Thames & Hudson Ltd. ,
2010
|
| Subjects: |
MARC
| LEADER | 00000cam a2200000 7i4500 | ||
|---|---|---|---|
| 001 | 0000141021 | ||
| 005 | 20100908.0 | ||
| 020 | |a 9780500288627 | ||
| 090 | 0 | 0 | |a 778.5347 |b WYA |
| 100 | 1 | |a Wyatt, Andy | |
| 245 | 1 | 4 | |a The complete digital animation course : |b the principles, practice and techniques of successful digital animation |c Andy Wyatt |
| 260 | |a London : |b Thames & Hudson Ltd. , |c 2010 | ||
| 300 | |a 144p. ; |c 22cm. | ||
| 650 | 0 | 0 | |a Animation (Cinematography) |
| 999 | |a 00236914 |b BUKU |c PINJAMAN |e PERPUSTAKAAN KOMUNITI PETALING JAYA | ||